|
|
|
|
| LEADER |
00000nab a2200000 a 4500 |
| 001 |
vtls000498729 |
| 003 |
SK-MaSNL |
| 005 |
20260303005013.0 |
| 008 |
160216c1993 xo 0 slo |
| 015 |
|
|
|a SNBRB19rr/mm-uuuuu
|
| 035 |
|
|
|a CL0498867
|
| 040 |
|
|
|a SNKBUCL
|b slo
|c SNKBUCL
|e AACR2
|
| 041 |
0 |
|
|a slo
|
| 044 |
|
|
|a xo
|c SK
|
| 080 |
|
|
|a 82:929:885.4 (450)
|2 1981
|
| 080 |
|
|
|a 885.4 (450)
|2 1981
|
| 080 |
|
|
|a 262.1
|2 1981
|
| 080 |
|
|
|a 929 Zvonický, Gorazd
|2 1981
|
| 100 |
1 |
|
|a M.CH.
|4 aut
|9 921833
|
| 245 |
1 |
0 |
|a Gorazd Zvonický osemdesiatročný
|c M.CH.
|
| 600 |
1 |
7 |
|a Zvonický, Gorazd,
|d 1913-1995
|2 snkbucl
|9 98302
|
| 655 |
|
7 |
|a články z novín a časopisov
|2 snkbucl
|9 267496
|
| 655 |
|
7 |
|a články z odboru literárna veda a krásna literatúra
|2 snkbucl
|9 770045
|
| 773 |
0 |
|
|t Literárny týždenník
|g Roč. 6, č. 28 (1993), s. 2
|
| 850 |
|
|
|a Slovenská národná knižnica v Martine
|a MTA001
|
| 852 |
|
|
|a SNK
|b KIS3GCP
|
| 958 |
|
|
|a BX
|
| 958 |
|
|
|a RK
|
| 958 |
|
|
|a LX
|
| 958 |
|
|
|a IT
|
| 999 |
|
|
|c 1580430
|d 1582360
|